Programovací jazyk C : používateľská príručka /

Hlavní autor: Molnár, Ľudovít, 1940-
Další autoři: Návrat, Pavol, 1952-, Zboray, František
Jazyk: Slovenština
Vydáno: Bratislava : Slovenská vysoká škola technická, 1988
Vydání: 1. vyd.
Fyzický popis: 129 s.
Knihy
Uloženo v:
LEADER 00802nam a22002292a 4500
001 000282046
003 CZ BrMZK
005 19980103143423.0
008 980103s1988 xo f slo d
040 |a BOA001  |b cze 
080 |a 519.682 C  |2 MRF 
080 |a 681.3.06 C  |2 MRF 
100 1 |a Molnár, Ľudovít,  |d 1940-  |7 jo2003193199 
245 1 0 |a Programovací jazyk C :  |b používateľská príručka /  |c Ľudovít Molnár, Pavol Návrat, František Zboray 
250 |a 1. vyd. 
260 |a Bratislava :  |b Slovenská vysoká škola technická,  |c 1988 
300 |a 129 s. 
700 1 |a Návrat, Pavol,  |d 1952-  |7 jx20040721050 
700 1 |a Zboray, František 
910 |a BOA001  |b TK-A-0237.519 
990 |a BK 
996 7 |b 2629966397  |c TK-A-0237.519  |l MZK  |r Sklad / do 24 hodin  |n 6  |w 000282046  |u 000010  |a 1  |e BOA001  |j MZK50  |s A